00547nam a22001817a 4500003001100000005001700011008004100028040003900069041000800108082001300116100001800129245004600147260005200193650001000245942000700255952008800262999001500350LK-CoMWRAF20230928231454.0230928b |||||||| |||| 00| 0 eng d aLK-CoMWRAFdLK-CoMWRAFeLK-CoMWRAF aeng a297bLLA aLlah, Baha'U' aThe Kitab-I-Iqan :bThe book of certitude aU. S. A. :bNational spiritual assembly, c1931 aIslam cBK 00104070aMAINbMAINd2023-09-28l0o297 LLApRAF2107r2023-09-28w2023-09-28yBK c3737d3737